<?xml version='1.0' encoding='UTF-8'?>
  <record xmlns="http://www.loc.gov/MARC21/slim">
    <leader>00000ctm a2200000 i 4500</leader>
    <controlfield tag="001">on1078875947</controlfield>
    <controlfield tag="003">OCoLC</controlfield>
    <controlfield tag="005">20240202180208.2</controlfield>
    <controlfield tag="008">181213s1652    sw            000 0 grc d</controlfield>
    <datafield tag="040" ind1=" " ind2=" ">
      <subfield code="a">QGJ</subfield>
      <subfield code="b">eng</subfield>
      <subfield code="e">rda</subfield>
      <subfield code="e">dcrmmss</subfield>
      <subfield code="c">QGJ</subfield>
      <subfield code="d">OCLCQ</subfield>
      <subfield code="d">OCLCO</subfield>
      <subfield code="d">OCLCL</subfield>
    </datafield>
    <datafield tag="035" ind1=" " ind2=" ">
      <subfield code="a">(OCoLC)1078875947</subfield>
    </datafield>
    <datafield tag="242" ind1="1" ind2="0">
      <subfield code="a">Commentary to Nicomachus' Introduction to arithmetic.</subfield>
      <subfield code="y">eng</subfield>
    </datafield>
    <datafield tag="245" ind1="0" ind2="0">
      <subfield code="a">Commentaria in Nicomachi Arithmeticam.</subfield>
      <subfield code="s">Version IV /</subfield>
      <subfield code="c">M. Meibomius ex codice M.S. Reginae Christinae descripsi Stocholmiae, MDLII,</subfield>
      <subfield code="f">UBU Hs. 14 (Hs 1 A 9 dl 1).</subfield>
    </datafield>
    <datafield tag="246" ind1="3" ind2=" ">
      <subfield code="a">In Nicomachi Geraseni Isagogen arithmeticam commentarius</subfield>
    </datafield>
    <datafield tag="246" ind1="3" ind2=" ">
      <subfield code="a">Epei hē psychē dittas echei tas energeias tas men zōtikas kai orektikas ...</subfield>
    </datafield>
    <datafield tag="264" ind1=" " ind2="0">
      <subfield code="a">Stocholmiae,</subfield>
      <subfield code="c">MDCLII. [1652]</subfield>
    </datafield>
    <datafield tag="300" ind1=" " ind2=" ">
      <subfield code="a">[10], 132, [4] pages ;</subfield>
      <subfield code="c">330 x 215 (222 x 137) mm</subfield>
    </datafield>
    <datafield tag="336" ind1=" " ind2=" ">
      <subfield code="a">text</subfield>
      <subfield code="b">txt</subfield>
      <subfield code="2">rdacontent</subfield>
    </datafield>
    <datafield tag="337" ind1=" " ind2=" ">
      <subfield code="a">unmediated</subfield>
      <subfield code="b">n</subfield>
      <subfield code="2">rdamedia</subfield>
    </datafield>
    <datafield tag="338" ind1=" " ind2=" ">
      <subfield code="a">volume</subfield>
      <subfield code="b">nc</subfield>
      <subfield code="2">rdacarrier</subfield>
    </datafield>
    <datafield tag="340" ind1=" " ind2=" ">
      <subfield code="a">paper</subfield>
      <subfield code="2">rdamat</subfield>
    </datafield>
    <datafield tag="500" ind1=" " ind2=" ">
      <subfield code="a">At head page 1: Tou Asklēpiou.</subfield>
    </datafield>
    <datafield tag="500" ind1=" " ind2=" ">
      <subfield code="a">Incipit: Epei hē psychē dittas echei tas energeias tas men zōtikas kai orektikas ...</subfield>
    </datafield>
    <datafield tag="500" ind1=" " ind2=" ">
      <subfield code="a">Contains version IV of Commentaria in Nicomachi Artihmeticam. By Paul Tannery attributed to Aesenius Olbiodorus. See: Commentary to Nicomachus' introduction to arithmetic / Asclepius ot Tralles; edited ... by Leonardo Tarán. - Philadelphia, 1969. - P. 6-7.</subfield>
    </datafield>
    <datafield tag="500" ind1=" " ind2=" ">
      <subfield code="a">Transcribed by Marcus Meibom from: Biblioteca apostolica vaticana. Manuscript. Reginae graec. 119, fol. 48 etc. See: Codices manuscripti Graeci Reginae Suecorum et Pii Pp. II Bibliothecae Vaticanae ... / recensuit et digessit Henricus Stevenson Senior. - Romae, 1888. - P. 119-120.</subfield>
    </datafield>
    <datafield tag="500" ind1=" " ind2=" ">
      <subfield code="a">With loose sheet, stapled opposite page 1: Emendationes Marci Meibomii.</subfield>
    </datafield>
    <datafield tag="524" ind1="8" ind2=" ">
      <subfield code="a">Cite as: Universiteitsbibliotheek Utrecht Hs. 14 (Hs 1 A 9 dl 1).</subfield>
    </datafield>
    <datafield tag="563" ind1=" " ind2=" ">
      <subfield code="a">In portfolio (pasteboards covered with marbeld paper) together with 6 other items.</subfield>
    </datafield>
    <datafield tag="581" ind1=" " ind2=" ">
      <subfield code="a">P.A. Tiele, Catalogus codicum manu scriptorum Bibliothecae Universitatis Rheno-Trajectinae. I. Trajecti ad Rhenum / Hagae Comitis 1887. P. 4</subfield>
    </datafield>
    <datafield tag="581" ind1=" " ind2=" ">
      <subfield code="a">H. Omont, 'Catalogue des manuscrits grecs des bibliothèques publiques des Pays Bas (Leyde excepté)', in: Centralblatt für Bibliothekswesen 4 (1887), p. 205-211. p. 208-209 nr. 45.</subfield>
    </datafield>
    <datafield tag="600" ind1="0" ind2="0">
      <subfield code="a">Nicomachus,</subfield>
      <subfield code="c">of Gerasa.</subfield>
      <subfield code="t">Introductio arithmetica.</subfield>
    </datafield>
    <datafield tag="650" ind1=" " ind2="0">
      <subfield code="a">Arithmetic</subfield>
      <subfield code="v">Early works to 1900.</subfield>
    </datafield>
    <datafield tag="650" ind1=" " ind2="6">
      <subfield code="a">Arithmétique</subfield>
      <subfield code="v">Ouvrages avant 1900.</subfield>
    </datafield>
    <datafield tag="630" ind1="0" ind2="7">
      <subfield code="a">Introductio arithmetica (Nicomachus, of Gerasa)</subfield>
      <subfield code="2">fast</subfield>
      <subfield code="0">(OCoLC)fst01361233</subfield>
    </datafield>
    <datafield tag="650" ind1=" " ind2="7">
      <subfield code="a">Arithmetic.</subfield>
      <subfield code="2">fast</subfield>
      <subfield code="0">(OCoLC)fst00814484</subfield>
    </datafield>
    <datafield tag="650" ind1=" " ind2="7">
      <subfield code="a">Mathematics, Greek.</subfield>
      <subfield code="2">fast</subfield>
      <subfield code="0">(OCoLC)fst01012363</subfield>
    </datafield>
    <datafield tag="655" ind1=" " ind2="7">
      <subfield code="a">Early works.</subfield>
      <subfield code="2">fast</subfield>
      <subfield code="0">(OCoLC)fst01411636</subfield>
    </datafield>
    <datafield tag="700" ind1="0" ind2=" ">
      <subfield code="a">Asclepius,</subfield>
      <subfield code="c">of Tralles,</subfield>
      <subfield code="e">dubious author.</subfield>
      <subfield code="4">dub</subfield>
    </datafield>
    <datafield tag="700" ind1="0" ind2=" ">
      <subfield code="a">Arsenius Olbiodorus,</subfield>
      <subfield code="d">archbishop of Pergama,</subfield>
      <subfield code="e">attributed name.</subfield>
      <subfield code="4">att</subfield>
    </datafield>
    <datafield tag="700" ind1="1" ind2=" ">
      <subfield code="a">Meibom, Marcus,</subfield>
      <subfield code="d">1630-1711,</subfield>
      <subfield code="e">scribe.</subfield>
      <subfield code="4">scr</subfield>
      <subfield code="1">https://id.oclc.org/worldcat/entity/E39PBJfGT9c9gWbCwhKhvmWdQq</subfield>
    </datafield>
    <datafield tag="710" ind1="2" ind2=" ">
      <subfield code="a">Universiteit Utrecht.</subfield>
      <subfield code="b">Bibliotheek.</subfield>
      <subfield code="k">Manuscript</subfield>
      <subfield code="n">(Hs. 14 (Hs 1 A 9 dl 1st))</subfield>
    </datafield>
    <datafield tag="758" ind1=" " ind2=" ">
      <subfield code="i">has work:</subfield>
      <subfield code="a">Commentaria in Nicomachi Arithmeticam UBU Hs. 14 (Hs 1 A 9 dl 1) (Text)</subfield>
      <subfield code="1">https://id.oclc.org/worldcat/entity/E39PCH6jYYK8rQpXvYGKrFkKJP</subfield>
      <subfield code="4">https://id.oclc.org/worldcat/ontology/hasWork</subfield>
    </datafield>
  </record>